Statistiken für Bezirke in Wien

Klicken Sie hier um das Quiz zu spielen!

Allgemein

  • Dieses Quiz wurde 94 mal gespielt
  • Das Durchschnittsergebnis liegt bei 15 aus 23

Antwortstatistiken

Nr.Gemeindebezirk% Korrekt
1.Innere Stadt
93%
16.Ottakring
82%
10.Favoriten
79%
21.Floridsdorf
79%
22.Donaustadt
73%
11.Simmering
73%
6.Mariahilf
71%
23.Liesing
70%
3.Landstraße
68%
12.Meidling
68%
13.Hietzing
64%
2.Leopoldstadt
64%
7.Neubau
63%
14.Penzing
63%
18.Währing
61%
19.Döbling
59%
5.Margareten
59%
15.Rudolfsheim-Fünfhaus
59%
9.Alsergrund
57%
20.Brigittenau
57%
17.Hernals
57%
8.Josefstadt
57%
4.Wieden
57%

Verteilung der Resultate

Perzentil nach korrekt beantworteten Fragen

Anzahl Personen mit jedem Resultat

Ihre Resultats-Entwicklung

Sie haben dieses Quiz noch nicht gespielt